Countries by First Four Letters - Statistics

General Stats
  • This quiz has been taken 64 times
    57 since last reset
  • The average score is 20 of 20
Answer Stats
Letters Country % Correct
BRAZ Brazil
100%
CHIN China
100%
COLO Colombia
100%
ICEL Iceland
100%
IREL Ireland
100%
ISRA Israel
100%
JORD Jordan
100%
KOSO Kosovo
100%
LEBA Lebanon
100%
RUSS Russia
100%
SYRI Syria
100%
VATI Vatican City
100%
ZIMB Zimbabwe
100%
BELI Belize
98%
HOND Honduras
98%
SURI Suriname
98%
GUYA Guyana
94%
KIRI Kiribati
90%
CAPE Cape Verde
88%
ELSA El Salvador
86%
No matching quizzes found
Score Distribution
Percent of People with Each Score
Percentile by Number Answered
Your Score History
You have not taken this quiz since the last reset